000 00838nam a2200265 a 4500
001 59177
003 BD-RjUL
005 20211209080713.0
008 161221s1970 enk||||| b||| 001 0 eng d
035 _a(BD-RjUL)59301
040 _aBD-RjUL
_beng
_cBD-RjUL
041 _aeng
082 _223
_a 338.9
_bGRP 1970
100 _a Griffin, Keith B.
_9171670
245 _aPlanning development /
_c Keith B. Griffin; John L. Enos
260 _aLondon :
_bAddison wesley Publishing company,
_c1970.
300 _axiii, 262 p. ;
_c25 cm.
490 _a Development economics series.
504 _aIncludes bibliography & index
650 _a Economic policy
_9170308
650 _aEconomic policy
_x Mathematical models
_9174838
700 _aEnos, John L.
_9175960
856 _3 Development economics series.
942 _2ddc
_cBK
999 _c59177
_d59177